Respirometric assay for biofilm kinetics estimation : Parameter identifiability and retrievability /
Guardado en:
| Autor principal: | |
|---|---|
| Otros Autores: | , |
| Formato: | Artículo |
| Lenguaje: | English |
| Materias: | |
| Etiquetas: |
Agregar Etiqueta
Sin Etiquetas, Sea el primero en etiquetar este registro!
|
| Thư viện lưu trữ: | Thư viện Trường Đại học Đà Lạt |
|---|
| LEADER | 00966nam a2200313 4500 | ||
|---|---|---|---|
| 001 | DLU090097970 | ||
| 005 | ##20091201 | ||
| 040 | # | # | |a DLU |b eng |
| 041 | # | # | |a eng |
| 044 | # | # | |a us |
| 100 | # | # | |a Riefler, R. Guy. |
| 245 | # | # | |a Respirometric assay for biofilm kinetics estimation : Parameter identifiability and retrievability / |c R. Guy Riefler, David P. Ahlfeld, Barth F. Smets. |
| 653 | # | # | |a Attached growth |
| 653 | # | # | |a Biofilm |
| 653 | # | # | |a Kinetics |
| 653 | # | # | |a Parameter estimation |
| 653 | # | # | |a Respirometry |
| 700 | # | # | |a Ahlfeld, David P. |
| 700 | # | # | |a Smets, Barth F. |
| 773 | # | # | |t Biotechnology and Bioengineering |g Vol. 57, no. 1 (January 1998), p. 35-45 |
| 920 | # | # | |a Phòng Tạp chí -- Trung tâm Thông tin - Thư viện Trường Đại học Đà Lạt |
| 994 | # | # | |a DLU |
| 900 | # | # | |a True |
| 911 | # | # | |a Trương Bảo Trâm Anh |
| 925 | # | # | |a G |
| 926 | # | # | |a A |
| 927 | # | # | |a BB |
| 980 | # | # | |a Thư viện Trường Đại học Đà Lạt |